Области Украины - Statistics

General Stats
  • This quiz has been taken 1,480 times
  • The average score is 23 of 27
Answer Stats
Answer % Correct
Киев
99%
Киевская область
99%
Донецкая область
96%
Луганская область
96%
Львовская область
94%
Одесская область
94%
Харьковская область
93%
Херсонская область
91%
Автономная Республика Крым
91%
Запорожская область
90%
Сумская область
88%
Днепропетровская область
87%
Черниговская область
86%
Николаевская область
85%
Полтавская область
82%
Винницкая область
81%
Житомирская область
81%
Закарпатская область
79%
Ивано-Франковская область
79%
Черкасская область
73%
Ровенская область
72%
Тернопольская область
72%
Хмельницкая область
72%
Кировоградская область
71%
Волынская область
70%
Черновицкая область
70%
Севастополь
65%
No matching quizzes found
Score Distribution
Percent of People with Each Score
Percentile by Number Answered
Your Score History
You have not taken this quiz